Liga Konferencji 2025/26 - loga klubów - Statystyki

Ogólne statystyki
  • Ten quiz został rozwiązany 58 razy
  • Średni wynik to 22 z 36
Statystyki odpowiedzi
Obrazkowy Odpowiedź % Poprawnych
Raków Częstochowa
100%
Lech Poznań
96%
Crystal Palace
94%
FSV Mainz
94%
Jagiellonia Białystok
94%
Legia Warszawa
94%
Strasbourg
94%
Fiorentina
92%
Sparta Praga
90%
AEK Ateny
88%
Rayo Vallecano
88%
Dynamo Kijów
87%
AZ Alkmaar
85%
Szachtar Donieck
83%
Slovan Bratysława
77%
AEK Larnaka
69%
Rapid Wiedeń
67%
Samsunspor
52%
HNK Rijeka
50%
Omonia Nikozja
50%
Sigma Ołomuniec
50%
Lincoln City FC
48%
Aberdeen
46%
KUPS
44%
BK Häcken
42%
Universitatea Craiova
42%
FC Noah
40%
NK Celje
37%
FC Lausanne-Sport
35%
Breidablik
33%
Shamrock Rovers
31%
Shkendija Tetowo
29%
Drita
27%
Hamrun Spartans
23%
HSK Zrinjski
19%
Shelbourne
19%
Nie znaleziono quizów pasujących do podanych kryteriów
Rozkład punktacji
Procent ludzi z każdym wynikiem
Percentyl według liczby udzielonych odpowiedzi
Twoja historia wyników
Nie rozwiązałeś tego quizu